Diagrama de momentos para vigas con dimensiones y con cargas inclinadas. Método gráfico
Uloženo v:
| Hlavní autor: | |
|---|---|
| Médium: | Neznámo |
| Vydáno: |
[San José, Costa Rica]
1955
|
| Témata: | |
| Tagy: |
Přidat tag
Žádné tagy, Buďte první, kdo vytvoří štítek k tomuto záznamu!
|
MARC
| LEADER | 00000 a2200000 4500 | ||
|---|---|---|---|
| 003 | 011010 | ||
| 005 | 20221231143802.0 | ||
| 008 | 140114s1955 c a m 000 ||s d | ||
| 040 | |c cru CEDIU | ||
| 090 | |a TFG 069 | ||
| 100 | |a Vargas M, J. Francisco |9 17128 | ||
| 245 | |a Diagrama de momentos para vigas con dimensiones y con cargas inclinadas. Método gráfico | ||
| 260 | |c 1955 |a [San José, Costa Rica] | ||
| 300 | |a 2 hojas, diagramas ; 28 cm | ||
| 500 | |a Tesis (Ingeniero Civil) Universidad de Costa Rica. | ||
| 650 | |x VIGAS |9 17129 | ||
| 942 | |c TFG | ||
| 999 | |c 11946 |d 11946 | ||
